An introduction to global environmental issues / (Record no. 63471)

000 -LEADER
fixed length control field 01074pam a2200289 a 4500
001 - CONTROL NUMBER
control field 1107774
003 - CONTROL NUMBER IDENTIFIER
control field NUST - PNEC
005 - DATE AND TIME OF LATEST TRANSACTION
control field 20170116180814.0
008 - FIXED-LENGTH DATA ELEMENTS--GENERAL INFORMATION
fixed length control field 930818s1994 enkabf b 001 0 eng
010 ## - LIBRARY OF CONGRESS CONTROL NUMBER
LC control number 93032915
020 ## - INTERNATIONAL STANDARD BOOK NUMBER
International Standard Book Number 0415102278
020 ## - INTERNATIONAL STANDARD BOOK NUMBER
International Standard Book Number 0415102286
040 ## - CATALOGING SOURCE
Original cataloging agency DLC
Transcribing agency DLC
Modifying agency DLC
050 00 - LIBRARY OF CONGRESS CALL NUMBER
Classification number GE105
Item number .P53 1994
082 00 - DEWEY DECIMAL CLASSIFICATION NUMBER
Classification number 363.7 PIC
100 1# - MAIN ENTRY--PERSONAL NAME
Personal name Pickering, K. T.
Fuller form of name (Kevin T.)
245 13 - TITLE STATEMENT
Title An introduction to global environmental issues /
Statement of responsibility, etc. Kevin T. Pickering and Lewis A. Owen.
260 ## - PUBLICATION, DISTRIBUTION, ETC.
Place of publication, distribution, etc. London ;
-- New York :
Name of publisher, distributor, etc. Routledge,
Date of publication, distribution, etc. 1994.
300 ## - PHYSICAL DESCRIPTION
Extent xxiii, 390 p., [40] p. of plates :
Other physical details ill. (some col.), maps (some col.) ;
Dimensions 29 cm.
504 ## - BIBLIOGRAPHY, ETC. NOTE
Bibliography, etc. note Includes bibliographical references (p. 350-362) and index.
650 #0 - SUBJECT ADDED ENTRY--TOPICAL TERM
Topical term or geographic name entry element Environmental sciences.
General subdivision General
700 1# - ADDED ENTRY--PERSONAL NAME
Personal name Owen, Lewis A.,
Dates associated with a name 1964-
740 0# - ADDED ENTRY--UNCONTROLLED RELATED/ANALYTICAL TITLE
Uncontrolled related/analytical title Global environmental issues.
906 ## - LOCAL DATA ELEMENT F, LDF (RLIN)
a 7
b cbc
c orignew
d 1
e ocip
f 19
g y-gencatlg
942 ## - ADDED ENTRY ELEMENTS (KOHA)
Source of classification or shelving scheme
Koha item type Book
Holdings
Withdrawn status Lost status Source of classification or shelving scheme Damaged status Not for loan Permanent Location Current Location Shelving location Date acquired Source of acquisition Cost, normal purchase price Total Checkouts Full call number Barcode Date last seen Cost, replacement price Price effective from Koha item type
          Pakistan Navy Engineering College (PNEC) Pakistan Navy Engineering College (PNEC)   11/02/1994 Vanguard Books/Library/Reference Grant 785.60   363.7 PIC PNECLIB-017667 05/15/2015 785.60 11/02/1994 Book
© 2023 Central Library, National University of Sciences and Technology. All Rights Reserved.